The military in politics changing patterns in Brazil

Պահպանված է:
Մատենագիտական մանրամասներ
Հիմնական հեղինակ: Stepan, Alfred (Հեղինակ)
Ձևաչափ: Գիրք
Լեզու:անգլերեն
Հրապարակվել է: Princeton Princeton University 1971
Խորագրեր:
Ցուցիչներ: Ավելացրեք ցուցիչ
Չկան պիտակներ, Եղեք առաջինը, ով նշում է այս գրառումը!

MARC

LEADER 00000nam a2200000 a 4500
001 UCO8263
003 CL-VaPUC
008 001201e19710000us |||||||||||||||||eng|d
082 0 4 |a 355.033081  |b STE  |2 21 
100 0 |a Stepan, Alfred  |e author  |9 453166 
245 1 4 |a The military in politics changing patterns in Brazil 
300 |a 312 p 
942 |c BK 
945 |d 20001201 00:00:00  |a crobeson 
260 |a Princeton  |b Princeton University  |c 1971 
500 |a Donación del profesor Manfred Wilhelmy von Wolff 
650 7 |a POLITICA MILITAR  |2 CL-VaPUC  |9 315348 
650 7 |a RELACIONES CIVICO MILITARES  |2 CL-VaPUC  |9 315814 
650 7 |a POLITICA Y GOBIERNO 1945-1968  |2 CL-VaPUC  |9 453167 
651 0 |a Brasil  |9 267393 
583 |a last modification  |c 20171205 02:35:31  |k Rodrigo Vera 
999 |c 292989  |d 292987 
952 |0 0  |1 0  |4 0  |6 355_033081000000000_STE_1971  |7 0  |8 A  |9 344077  |a BIBHIS  |b BIBHIS  |d 2019-11-20  |i 1231383  |o 355.033081 STE 1971  |p 1231383  |r 2025-01-20  |w 2019-11-20  |y BK  |k HIS